Movie To-Do Lists Quiz Stats

 Plays Quiz Updated Nov 2, 2016

Score 0/15 Timer 06:00
1 Play Today
% Correct
Snow White and the Seven Dwarfs
99.4%
The Wizard of Oz
92.8%
Home Alone
87%
Forrest Gump
82.1%
Taken
80.3%
Groundhog Day
79.4%
The Truman Show
78%
Airplane!
76.9%
% Correct
Ferris Bueller's Day Off
75.9%
Shrek
74.5%
Harry Potter and the Sorcerer's Stone
61%
A Christmas Story
59.3%
Star Wars: Episode V - The Empire Strikes Back
44.2%
The Dark Knight
35.4%
Toy Story
29.1%

You're not logged in!

Compare scores with friends on all Sporcle quizzes.
OR
Log In

Show Comments

Extras

Top Quizzes Today


Score Distribution

Your Account Isn't Verified!

In order to create a playlist on Sporcle, you need to verify the email address you used during registration. Go to your Sporcle Settings to finish the process.

Report this User

Report this user for behavior that violates our Community Guidelines.

Details: